Great expectations : Upper level

Αποθηκεύτηκε σε:
Λεπτομέρειες βιβλιογραφικής εγγραφής
Κύριος συγγραφέας: Dickens, Charles 1812-1870
Μορφή: Βιβλίο
Γλώσσα:English
Δημοσίευση: Oxford : Heinemann, 1992
Θέματα:
Ετικέτες: Προσθήκη ετικέτας
Δεν υπάρχουν, Καταχωρήστε ετικέτα πρώτοι!

MARC

LEADER 00000nam a2200000 i 4500
001 1/23525
008 950320s1992 eng d
020 |a 0-435-27268-3 
035 |l 10022103 
040 |a GR-MY-UA  |b gre  |e aacr 
041 0 |a eng 
082 0 |a 428.64 
100 1 |a Dickens, Charles  |d 1812-1870. 
245 1 0 |a Great expectations :  |b Upper level /  |c Charles Dickens 
260 |a Oxford :   |b Heinemann,   |c 1992 
650 0 0 |a English language  |x Readers. 
852 |a INST  |b CHIOS  |e 19950320  |h 428.64 DIC  |p 005200003890  |q 005200003890  |t BK  |y 0 
909 |a Χ  |b 037396